000 00391nam a2200157Ia 4500
008 100122s9999 xx 000 0 und d
082 _b11904
_a823.08
100 _aLUTZ E H G
245 _aMIRACLES OF MODERN SURGERY
250 _a0
260 _bACE BOOKS INC
_c1956
300 _a190
630 _aMIRACLES OF MODERN SURGERY
730 _aMIRACLES OF MODERN SURGERY
942 _cBOOK
999 _c444387
_d444384